Responses for show #5957 - Tuesday, July 6, 2010

2010 Kids Week game 2.

Contestants

Will Walters, a twelve-year-old from Lexington, Kentucky

Ethan Waldman, a twelve-year-old from West Hills, California

Andrea Salt, a twelve-year-old from Gilbert, Arizona

Jeopardy! Round responses

GEOGRAPHY "E"
RADIO DISNEY
PARTS OF PEACH
BE FRUITFUL & MULTIPLY
LET'S BOUNCE
RHYMES WITH SMART
    $200 21
England

Andrea
    $200 26
Miley Cyrus

Andrea
    $200 13
the skin

Andrea
    $200 1
48

Will
    $200 6
dribbling

Ethan
    $200 8
heart

Will
    $400 22
the equator

Ethan
    $400 27
Care Bears

Triple Stumper
    $400 14
H2O

Andrea
    $400 2
98

Will
    $400 7
(Ethan: What is S N R?)

sonar

EthanWill
    $400 9
a dart

Will
    $600 23
Easter Island

Ethan
    $600 28
Avril Lavigne

Triple Stumper
    $600 15
(Ethan: What is the...)

the stone

Ethan
Triple Stumper
    $600 3
360

Will
    $600 17
jacks

Ethan
    $600 10
a part

Will
    $800 24
Egypt

Will
    $800 29
Colbie Caillat

Triple Stumper
    $800 16
(Ethan: What are the branches?)

leaves

EthanWill
    $800 4
750

Will
    $800 19
the moonwalk

Ethan
    $800 11
a chart

Will
    $2,000 25
Ellis Island

Will
    $1000 30
OneRepublic

Triple Stumper
    $1000 18
blossoms

Ethan
    $1000 5
2,070

Ethan
    $1000 20
a trampoline

Ethan
    $1000 12
Mozart

Andrea

Scores at the first commercial break (after clue 15):

Andrea Ethan Will
$1,600 $200 $4,400

Scores at the end of the Jeopardy! Round:

Andrea Ethan Will
$2,000 $3,800 $8,000

Double Jeopardy! Round responses

SCIENCE CLASS
KIDS IN SPORTS
JUST THE FACTS
SEE & SAY
NEWS TO ME
IN THE DICTIONARY
    $400 1
the nucleus

Will
    $400 11
the Little League

Andrea
    $400 12
Harry Potter

Will
    $400 26
an octopus

Andrea
    $400 19
Haiti

Will
    $400 6
a kilt

Andrea
    $800 2
photosynthesis

Will
    $800 17
surfing

Will
    $800 13
Las Vegas

Ethan
    $800 27
Oregon

Will
    $800 20
Toyota

Will
    $800 7
(Andrea: What is grade?)

correct

Andrea
Triple Stumper
    $1200 3
plane

Will
    $1200 18
(Ethan: What is the long jump?)

the high jump

AndreaEthan
    $1200 14
a German Shepherd

Ethan
    $1200 28
the dragonfly

Ethan
    $1200 21
Dracula

Triple Stumper
    $1200 8
corn

Will
    $5,000 4
helium

Will
    $1600 24
(Andrea: What is kung fu?)

judo

AndreaEthan
    $1600 15
the Liberty Bell

Will
    $1600 29
redwood

Will
    $1600 22
Massachusetts

Andrea
    $5,000 9
pedestrian

Will
    $2000 5
magma

Will
    $2000 25
soccer

Ethan
    $2000 16
Prince William

Triple Stumper
    $2000 30
(Andrea: Who is Nixon?)
(Will: Who is JFK?)

Ronald Reagan

AndreaWill
Triple Stumper
    $2000 23
the balloon boy

Will
    $2000 10
a palindrome

Ethan

Scores at the end of the Double Jeopardy! Round:

Andrea Ethan Will
$1,600 $11,400 $30,000
(lock game)

[wagering suggestions for these scores]

Final Jeopardy! Round responses

HISTORIC WOMEN
AndreaWho was Pocohontas?
$600
EthanWho is Marie Antoinette?
$3,000
WillWho was Virginia Dare.
$1
Pocahontas

Final scores:

Andrea Ethan Will
$2,200 $8,400 $29,999
3rd place: $1,000 2nd place: $2,000 Winner: $29,999 + a family vacation to Costa Rica & Panama

Game dynamics:

Coryat scores:

Andrea Ethan Will
$1,600 $11,400 $22,200
10 R,
3 W
14 R,
4 W
27 R
(including 3 DDs),
1 W

Combined Coryat: $35,200

The J! Archive is created by fans, for fans. The Jeopardy! game show and all elements thereof, including but not limited to copyright and trademark thereto, are the property of Jeopardy Productions, Inc. and are protected under law. This website is not affiliated with, sponsored by, or operated by Jeopardy Productions, Inc. Join the discussion at JBoard.tv.